Far Eastern entomologist. № 526: A new species of the genus Tapinella Enderlein, 1908 (Psocodea: insecta) from Amazon rainforest, French Guiana (Запись № 13555039)

Подробности
000 -МАРКЕР
контрольное поле 01617nam2a2200289 4500
001 - ИДЕНТИФИКАТОР ЗАПИСИ
контрольное поле RU\NLR\PER_A\003430503_001360
005 - ИДЕНТИФИКАТОР ВЕРСИИ
контрольное поле 20260215052943.0
035 ## - ДРУГИЕ СИСТЕМНЫЕ НОМЕРА
Идентификатор записи (NLR Aleph) 022727614
100 ## - ДАННЫЕ ОБЩЕЙ ОБРАБОТКИ
Данные общей обработки 20260213d2025 u y0rusy50 ca
101 0# - ЯЗЫК РЕСУРСА
Язык текста, звукозаписи и т.д. английский
Язык резюме русский
102 ## - СТРАНА ПУБЛИКАЦИИ ИЛИ ПРОИЗВОДСТВА
Страна публикации российская федерация
105 ## - ПОЛЕ КОДИРОВАННЫХ ДАННЫХ: ТЕКСТОВЫЕ МАТЕРИАЛЫ, МОНОГРАФИЧЕСКИЕ
Кодированные данные о монографическом текстовом документе a z 000zy
200 1# - ЗАГЛАВИЕ И СВЕДЕНИЯ ОБ ОТВЕТСТВЕННОСТИ
Основное заглавие A new species of the genus Tapinella Enderlein, 1908 (Psocodea: insecta) from Amazon rainforest, French Guiana
Первые сведения об ответственности D. Georgiev
210 ## - ПУБЛИКАЦИЯ, РАСПРОСТРАНЕНИЕ И ДР.
Место издания, распространения и т.д. Vladivostok
Имя издателя, распространителя и т. д. [s. n.]
Дата издания, распространения и т.д. 2025
215 ## - ФИЗИЧЕСКАЯ ХАРАКТЕРИСТИКА
Специфическое обозначение материала и объем 20 с.
Другие сведения о физической характеристике ил.
Размеры 21
300 ## - ОБЩИЕ ПРИМЕЧАНИЯ
Текст примечания Рез. на рус. яз.
320 ## - ПРИМЕЧАНИЯ О НАЛИЧИИ В ДОКУМЕНТЕ БИБЛИОГРАФИИ / УКАЗАТЕЛЯ
Текст примечания Библиогр.: с. 4-5, 18-20
423 #0 - ИЗДАЕТСЯ В ОДНОЙ ОБЛОЖКЕ ВМЕСТЕ С ...
Встроенное поле 2001#$aFurther records of Ephydridae (Diptera) from the Republic of Mordovia (European Russia)$fJ.-H. Stuke, A. B. Ruchin, M. N. Esin
-- 210##$aVladivostok$d2025
-- 215##$aС. 6-20
-- 700#1$aStuke$bJ.-H.
Заглавие Further records of Ephydridae (Diptera) from the Republic of Mordovia (European Russia)
Автор Stuke, J.-H.
461 #0 - УРОВЕНЬ НАБОРА
Встроенное поле 001RU\NLR\INFOCOMM_49\5000065334
-- 2001#$aFar Eastern entomologist$dДальневосточный энтомолог$eJ. publ. by Far East branch of the Russ. entomological soc. a. Lab. of entomology, Inst. of biology a. pedology$zrus$v№ 526
Системный номер (АБИС) связанной записи 2822829
Место публикации Vladivostok
Дата публикации 1994-
Параллельное заглавие Дальневосточный энтомолог
Сведения, относящиеся к заглавию J. publ. by Far East branch of the Russ. entomological soc. a. Lab. of entomology, Inst. of biology a. pedology
Заглавие Far Eastern entomologist
ISSN 1026-051X
Номер тома № 526
700 #1 - ИМЯ ЛИЦА - ПЕРВИЧНАЯ ОТВЕТСТВЕННОСТЬ
Начальный элемент ввода Georgiev
Часть имени, кроме начального элемента ввода D.
852 ## - МЕСТОНАХОЖДЕНИЕ И ШИФР ХРАНЕНИЯ
Идентификатор организации NLR
Шифр хранения (Call Number) P7/2878
942 ## - ДОПОЛНИТЕЛЬНЫЕ ЭЛЕМЕНТЫ ЗАПИСИ (АБИС)
Тип экземпляра АБИС Неопределено
980 ## - КОЛЛЕКЦИЯ
Название коллекции Иностранная периодика
980 ## - КОЛЛЕКЦИЯ
Название коллекции Национальная библиография

Нет доступных экземпляров.